LIBRARY & INFORMATION CENTRE, KCAET, TAVANUR

ONLINE PUBLIC ACCESS CATALOGUE (OPAC)

Modified atmospheric packaging of fried bitter gourd (Record no. 14977)

MARC details
000 -LEADER
fixed length control field 00666nam a22001817a 4500
003 - CONTROL NUMBER IDENTIFIER
control field OSt
088 ## - REPORT NUMBER
Report number P 196
100 ## - MAIN ENTRY--AUTHOR NAME
Personal name ASHA THOMAS
-- DEEPTHY K.R
-- SUSHA LEKSHMI S.U
245 ## - TITLE STATEMENT
Title Modified atmospheric packaging of fried bitter gourd
260 ## - PUBLICATION, DISTRIBUTION, ETC. (IMPRINT)
Place of publication Tavanur 2009
Name of publisher Department of Post-Harvest Technology and Agricultural Processing
300 ## - PHYSICAL DESCRIPTION
Number of Pages 47
500 ## - GENERAL NOTE
General note Modified atmospheric packaging of fried bitter gourd
520 ## - SUMMARY, ETC.
Summary, etc Modified atmospheric packaging of fried bitter gourd
700 ## - ADDED ENTRY--PERSONAL NAME
Personal name Dr. Santhi Mary Mathew (Guide)
856 ## - ELECTRONIC LOCATION AND ACCESS
Uniform Resource Identifier https://drive.google.com/open?id=1lmTBXl1e9Eol5zSGo5Ygrb1Sgh6CZdHW
942 ## - ADDED ENTRY ELEMENTS (KOHA)
Koha item type Project Report
Holdings
Collection code Home library Current library Shelving location Full call number Accession Number Koha item type
Reference KAUAET KAUAET Reference 631.56 ASH/MO P 196 Project Report
free website counter